| 000 | 02353cam a22005054i 4500 | ||
|---|---|---|---|
| 003 | PE-LiUPU | ||
| 005 | 20250731165528.0 | ||
| 008 | 150623s r 000 0 d | ||
| 020 | _a8470501232 | ||
| 035 | _a(Sirsi) i9788470501234 | ||
| 040 |
_aPE-LiUPU _bspa _cPE-LiUPU _erda |
||
| 049 | _aPRUA | ||
| 082 | 0 | 4 |
_a270.9 _bH _221 |
| 100 | 1 |
_aLeflon, Jean, _eautor. |
|
| 245 | 1 | 3 |
_aLa revolución. _n23 / _cJean Leflon. |
| 264 | 1 |
_aValencia, España : _bEdicep, _c1975. |
|
| 300 |
_a672 páginas : _bil., fotos ; _c28 centímetros |
||
| 336 |
_atext _2rdacontent |
||
| 337 |
_aunmediated _2rdamedia |
||
| 338 |
_avolume _2rdacarrier |
||
| 490 | 0 |
_aHistoria de la iglesia ; _v23 |
|
| 504 | _aIncluye bibliografía. | ||
| 505 | 0 | _aLa iglesia católica en la víspera de la revolución. -El fin de la iglesia del antiguo Régimen. -La iglesia constitucional. -El primero y el segundo terror. -De termidor abrumario. -El advenimiento de Pío VII de Napoleón. -El concordato. -La aplicación del concordato francés. -La consagración de Napoleón y la política religiosa imperial. -La lucha del sacerdocio y del imperio. -La restuaración del estado pontificio. -La reorganización del estado pontificio. -La restauración de las iglesias. -La vida inferior de la iglesia de 1800 a 1833. -El pontificado de León XII. -El pontificado de Gregorio XVI. -La vida intelectual, espiritual y apostólica de la iglesia bajo los pontificados de León XII Y Gregorio XVI. | |
| 526 | _aSEG44 | ||
| 526 | _aSEG26 | ||
| 526 | _aP151 | ||
| 526 | _aP150 | ||
| 526 | _aP149 | ||
| 526 | _aP146 | ||
| 526 | _aP145 | ||
| 526 | _aP126 | ||
| 526 | _aP125 | ||
| 526 | _aP92 | ||
| 526 | _aP75 | ||
| 526 | _aP74 | ||
| 526 | _aP27 | ||
| 526 | _aP15 | ||
| 650 | 0 | 4 |
_aIglesia _xHistoria _yRevolución. |
| 942 |
_2ddc _cBOOK |
||
| 949 |
_aRC 270.9 H 23 _wDEWEY _c1 _i14170 _lCCODEBUL1 _mBUL _r0 _sY _tBOOK _u2015-6-24 _xTEOLOGIA _PP35 _0COMPRA _o.CIRCNOTE. No olvidar cambiar la fecha de devolución!!!!!!! _o.STAFF. Colección General |
||
| 994 |
_aC0 _bPEPRU |
||
| 596 | _a1 | ||
| 999 |
_aRC 270.9 H 23 _wDEWEY _c36521 _i14170 _f2021-11-8 _g6 _lCCODEBUL1 _mBUL _r1 _sY _tBOOK _u2015-6-24 _xTEOLOGIA _PP35 _0COMPRA _o.CIRCNOTE. No olvidar cambiar la fecha de devolución!!!!!!! _o.STAFF. Colección General _d36521 |
||
| 980 |
_81 _gALBERTO SANCHEZ Responsable de Automatización |
||